| 000 | 00515nam a2200193 a 4500 | ||
|---|---|---|---|
| 001 | 86500 | ||
| 003 | BD-RjUL | ||
| 005 | 20260518114155.0 | ||
| 008 | 260518s1899 enk||||| |||| 00| 0 eng d | ||
| 035 | _a(BD-RjUL)86500 | ||
| 040 |
_aBD-RjUL _beng _cBD-RjUL |
||
| 041 | _aeng | ||
| 082 |
_223 _a843.7 _bBAV 1899 |
||
| 100 |
_aBalzac, Honoré de _918495 |
||
| 245 |
_aThe Village Cure / _cHonoré de Balzac |
||
| 260 |
_aLondon : _bCaxton Publishing Company, _c1899 |
||
| 300 |
_a371 p. ; _c21 cm. |
||
| 942 |
_2ddc _cBK |
||
| 999 |
_c86500 _d86500 |
||